[Event "Madrid-ch Seniors 50"]
[Site "Madrid"]
[Date "2020.01.15"]
[Round "3"]
[White "Beekhof Harmsen, Willen"]
[Black "Diaz Begonte, Manuel"]
[Result "1/2-1/2"]
[WhiteElo "1470"]
[BlackElo "1507"]
[PlyCount "144"]
[EventDate "2020.01.13"]
[EventType "swiss"]
[EventRounds "9"]
[EventCountry "ESP"]
[SourceTitle "CBM 194 Extra"]
[Source "ChessBase"]
[SourceDate "2020.03.31"]
[SourceVersion "1"]
[SourceVersionDate "2020.03.31"]
[SourceQuality "1"]

1. e4 d5 2. e5 c5 3. Nf3 Nc6 4. c3 Bg4 5. Be2 e6 6. 0-0 Bxf3 7. Bxf3 Nxe5 8. d4 Nxf3+ 9. Qxf3 Nf6 10. Re1 cxd4 11. cxd4 Be7 12. Nc3 0-0 13. Bf4 a6 14. Rac1 Rc8 15. a3 Qd7 16. Qd1 b5 17. b4 Rc4 18. Re2 Rfc8 19. Rec2 h6 20. Nb1 Bd6 21. Rxc4 dxc4 22. Be3 Nd5 23. Bd2 Bb8 24. Nc3 Ne7 25. Be3 Nd5 26. Ne4 Bf4 27. Bxf4 Nxf4 28. Qg4 Ng6 29. Nc5 Qd5 30. h4 Rd8 31. h5 Ne7 32. Rd1 Nf5 33. Ne4 Kf8 34. Nc3 Qd7 35. d5 Qe7 36. Qe4 Qf6 37. dxe6 Rxd1+ 38. Nxd1 Qxe6 39. Qa8+ Ke7 40. Qb7+ Kf6 41. Qf3 Ke7 42. Nc3 Qc8 43. Qe4+ Kf8 44. g4 Ne7 45. f3 Qc6 46. Qf4 f6 47. Qb8+ Kf7 48. Ne4 Nc8 49. Kf2 Qb6+ 50. Qxb6 Nxb6 51. Nc5 c3 52. Ke2 Nc4 53. Kd3 c2 54. Kxc2 Nxa3+ 55. Kb3 Nc4 56. Nxa6 Nd2+ 57. Kc3 Nxf3 58. Nc7 Ne5 59. Nxb5 Nxg4 60. Nd6+ Ke6 61. Ne4 Kd5 62. Ng3 Ne5 63. Nf5 g6 64. Ne7+ Kd6 65. Nxg6 Nc6 66. Nh4 Nxb4 67. Nf5+ Ke5 68. Nxh6 Nd5+ 69. Kd3 Nf4+ 70. Ke3 Nxh5 71. Ng4+ Kf5 72. Nxf6 Nxf6 1/2-1/2

[Event "Madrid Chamartin op 8th"]
[Site "Madrid"]
[Date "2019.09.11"]
[Round "4"]
[White "Martinez de la Puente, Ignacio"]
[Black "Diaz Begonte, Manuel"]
[Result "1-0"]
[WhiteElo "1720"]
[BlackElo "1542"]
[PlyCount "145"]
[EventDate "2019.09.09"]
[EventType "swiss"]
[EventRounds "9"]
[EventCountry "ESP"]
[SourceTitle "CBM 192 Extra"]
[Source "Chessbase"]
[SourceDate "2019.11.06"]
[SourceVersion "1"]
[SourceVersionDate "2019.11.06"]
[SourceQuality "1"]

1. d4 d5 2. c4 c6 3. Nc3 Nf6 4. Bg5 Ne4 5. Nxe4 dxe4 6. Bh4 Qa5+ 7. Qd2 Qxd2+ 8. Kxd2 Be6 9. e3 Na6 10. Ne2 Bxc4 11. Nc3 Bxf1 12. Rhxf1 f5 13. f3 exf3 14. Rxf3 g6 15. Re1 0-0-0 16. Kc1 Rd7 17. Bg3 Bh6 18. Kb1 e6 19. e4 Rxd4 20. Be5 Rhd8 21. Bxd4 Rxd4 22. Re2 Rd7 23. h3 f4 24. e5 Nb4 25. a3 Nd5 26. Ne4 g5 27. g3 Ne3 28. gxf4 gxf4 29. h4 Nf5 30. Rh3 Kc7 31. Nc5 Re7 32. Rf2 Ne3 33. Nd3 Nd5 34. Rg2 b6 35. Rg8 c5 36. Kc2 Rf7 37. Ne1 Bg7 38. Nf3 Ne7 39. Re8 Kd7 40. Rb8 Nc6 41. Rb7+ Ke8 42. Rxf7 Kxf7 43. Ng5+ Ke7 44. Nxh7 Nxe5 45. Ng5 Kf6 46. Ne4+ Kf5 47. Nf2 Nc4 48. h5 Bh6 49. a4 Ne3+ 50. Kd2 e5 51. Ke2 e4 52. Rh1 f3+ 53. Ke1 Ng2+ 54. Kf1 c4 55. Rh3 a6 56. Rg3 Nf4 57. Ng4 Nxh5 58. Nxh6+ Kf4 59. Rg4+ Ke3 60. Nf5+ Kd3 61. Kf2 b5 62. axb5 axb5 63. Ne3 b4 64. Rh4 Nf6 65. Rh6 c3 66. Rxf6 cxb2 67. Rd6+ Kc3 68. Rd1 Kb3 69. Ke1 Ka2 70. Rd2 b3 71. Nc4 e3 72. Rxb2+ Ka1 73. Rxb3 1-0

[Event "Madrid Chamartin op 8th"]
[Site "Madrid"]
[Date "2019.09.10"]
[Round "3"]
[White "Diaz Begonte, Manuel"]
[Black "Sanchez Lucena, Juan"]
[Result "1-0"]
[WhiteElo "1542"]
[BlackElo "1407"]
[PlyCount "47"]
[EventDate "2019.09.09"]
[EventType "swiss"]
[EventRounds "9"]
[EventCountry "ESP"]
[SourceTitle "CBM 192 Extra"]
[Source "Chessbase"]
[SourceDate "2019.11.06"]
[SourceVersion "1"]
[SourceVersionDate "2019.11.06"]
[SourceQuality "1"]

1. e4 c5 2. d4 cxd4 3. c3 e5 4. Nf3 Nc6 5. Bc4 h6 6. 0-0 Nf6 7. cxd4 exd4 8. Nxd4 Be7 9. Nc3 d6 10. Bf4 a6 11. h3 Ne5 12. Bb3 Bd7 13. Nf5 Bxf5 14. exf5 g5 15. fxg6 Nxg6 16. Bg3 Kf8 17. Re1 Rc8 18. Qf3 Qd7 19. Rad1 Rc6 20. Ne4 Rh7 21. Nxf6 Bxf6 22. Qxf6 d5 23. Qf3 f5 24. Rxd5 1-0

[Event "Madrid Chamartin op 8th"]
[Site "Madrid"]
[Date "2019.09.09"]
[Round "1"]
[White "Diaz Begonte, Manuel"]
[Black "Salvador Cabo, Cesar"]
[Result "0-1"]
[WhiteElo "1542"]
[BlackElo "1963"]
[PlyCount "78"]
[EventDate "2019.09.09"]
[EventType "swiss"]
[EventRounds "9"]
[EventCountry "ESP"]
[SourceTitle "CBM 192 Extra"]
[Source "Chessbase"]
[SourceDate "2019.11.06"]
[SourceVersion "1"]
[SourceVersionDate "2019.11.06"]
[SourceQuality "1"]

1. e4 c6 2. d4 d5 3. e5 c5 4. dxc5 e6 5. Be3 Nd7 6. Nf3 Bxc5 7. Bd4 Qb6 8. Bxc5 Nxc5 9. Qd4 Ne7 10. b4 Nd7 11. Qxb6 axb6 12. Bb5 Nc6 13. 0-0 Nxb4 14. Nd4 Rxa2 15. Nc3 Rxa1 16. Rxa1 Ke7 17. Bxd7 Bxd7 18. Rb1 Rc8 19. Rxb4 Rxc3 20. Kf1 Rc4 21. Rxc4 dxc4 22. c3 Kd8 23. Ke2 Kc7 24. Nc2 Kc6 25. Ke3 Kc5 26. f4 h5 27. h4 g6 28. g3 Ba4 29. Nb4 Bb3 30. Kd2 Kb5 31. Kc1 Ka4 32. Kb2 b5 33. Kb1 Ka3 34. Kc1 Ba4 35. Kb1 Kb3 36. Na2 b6 37. Nb4 Kxc3 38. Nc6 b4 39. Nd8 Bc2+ 0-1

[Event "Madrid-ch Seniors 65"]
[Site "Madrid"]
[Date "2019.01.28"]
[Round "6"]
[White "Fernandez Bujarrabal, Pedro V"]
[Black "Diaz Begonte, Manuel"]
[Result "1-0"]
[WhiteElo "1502"]
[BlackElo "1552"]
[PlyCount "114"]
[EventDate "2019.01.21"]
[EventType "swiss"]
[EventRounds "7"]
[EventCountry "ESP"]
[SourceTitle "CBM 188 Extra"]
[Source "ChessBase"]
[SourceDate "2019.02.26"]
[SourceVersion "1"]
[SourceVersionDate "2019.02.26"]
[SourceQuality "1"]

1. e4 d5 2. exd5 Nf6 3. Nc3 Nxd5 4. Nxd5 Qxd5 5. Nf3 Bg4 6. d3 Bxf3 7. Qxf3 Qxf3 8. gxf3 g6 9. Bh3 Nc6 10. Be3 Bg7 11. c3 0-0 12. f4 e5 13. 0-0-0 exf4 14. Bxf4 Ne5 15. d4 Nc4 16. Bxc7 f5 17. Bf4 b5 18. Rhe1 a5 19. b3 Na3 20. Bd6 b4 21. Bxf8 Bxf8 22. c4 a4 23. Bg2 Rc8 24. Bd5+ Kh8 25. Kb2 axb3 26. axb3 Rd8 27. Re6 Nb5 28. Kc2 Nc3 29. Rd3 Bh6 30. Bc6 Kg7 31. d5 Bg5 32. c5 Ne4 33. Re8 Nxc5 34. Rxd8 Bxd8 35. Re3 Ne4 36. f3 Bb6 37. Re2 Nc3 38. Re7+ Kf6 39. Rxh7 Bc5 40. h4 Ke5 41. Rd7 Ne2 42. Kd3 Nd4 43. Kc4 Bb6 44. Bb7 Nxf3 45. Re7+ Kf4 46. Re6 Bd8 47. Re8 Bxh4 48. d6 Ne5+ 49. Kd5 Nf7 50. d7 Nd8 51. Bc8 Kf3 52. Ke5 f4 53. Rg8 Nf7+ 54. Kd4 g5 55. Bb7+ Kf2 56. Rf8 Nd8 57. Rxd8 g4 1-0

[Event "Madrid-ch Seniors 65"]
[Site "Madrid"]
[Date "2019.01.22"]
[Round "2"]
[White "Sanchez Lucena, Juan"]
[Black "Diaz Begonte, Manuel"]
[Result "1-0"]
[WhiteElo "1454"]
[BlackElo "1552"]
[PlyCount "71"]
[EventDate "2019.01.21"]
[EventType "swiss"]
[EventRounds "7"]
[EventCountry "ESP"]
[SourceTitle "CBM 188 Extra"]
[Source "ChessBase"]
[SourceDate "2019.02.26"]
[SourceVersion "1"]
[SourceVersionDate "2019.02.26"]
[SourceQuality "1"]

1. d4 d5 2. Nf3 Nf6 3. Bf4 e6 4. a3 c5 5. c3 Nc6 6. e3 Qb6 7. Qc2 Bd7 8. Nbd2 Rc8 9. Ne5 cxd4 10. Nxc6 Rxc6 11. exd4 Be7 12. Be2 0-0 13. 0-0 a6 14. h3 Qxd4 15. Be3 Qe5 16. Nf3 Qb8 17. Ne5 Rcc8 18. Nxd7 Nxd7 19. Qd2 Nc5 20. Bd1 Ne4 21. Qd3 f5 22. f4 Qc7 23. Rc1 Bc5 24. Rc2 Bxe3+ 25. Qxe3 Qc5 26. Rf3 d4 27. cxd4 Qd5 28. Rxc8 Rxc8 29. Bb3 Qd6 30. Rf2 Kf7 31. Re2 Rd8 32. g4 g6 33. Rc2 Qxd4 34. Rc7+ Kf6 35. g5+ Nxg5 36. fxg5# 1-0

[Event "Madrid-ch Seniors 50"]
[Site "Madrid"]
[Date "2019.01.17"]
[Round "9"]
[White "Garcia Galeote, Lorenzo"]
[Black "Diaz Begonte, Manuel"]
[Result "1-0"]
[WhiteElo "1895"]
[BlackElo "1552"]
[PlyCount "73"]
[EventDate "2019.01.07"]
[EventType "swiss"]
[EventRounds "9"]
[EventCountry "ESP"]
[SourceTitle "CBM 188 Extra"]
[Source "ChessBase"]
[SourceDate "2019.02.26"]
[SourceVersion "1"]
[SourceVersionDate "2019.02.26"]
[SourceQuality "1"]

1. d4 d5 2. Nf3 Nf6 3. e3 Bf5 4. Bd3 Bxd3 5. Qxd3 c6 6. 0-0 e6 7. Nbd2 Nbd7 8. b3 Bd6 9. Bb2 Qe7 10. e4 dxe4 11. Nxe4 Nxe4 12. Qxe4 Nf6 13. Qe2 0-0 14. Rad1 Ba3 15. c4 Bxb2 16. Qxb2 Rfd8 17. Rfe1 Qc7 18. b4 b5 19. Rc1 Rab8 20. a3 a5 21. Ne5 axb4 22. axb4 Rd6 23. Rc2 bxc4 24. Rxc4 Nd5 25. Rec1 Ne7 26. Qe2 f6 27. Nd3 Nd5 28. Nc5 Qc8 29. Ne4 Rd8 30. Rxc6 Qd7 31. b5 Nf4 32. Nxf6+ gxf6 33. Qg4+ Ng6 34. Rc7 Qxd4 35. Qxe6+ Kh8 36. g3 Rxb5 37. Qf7 1-0

[Event "Madrid-ch Seniors 50"]
[Site "Madrid"]
[Date "2019.01.15"]
[Round "7"]
[White "Diaz Begonte, Manuel"]
[Black "Martinez Pintor, Juan"]
[Result "1-0"]
[WhiteElo "1552"]
[BlackElo "1628"]
[PlyCount "71"]
[EventDate "2019.01.07"]
[EventType "swiss"]
[EventRounds "9"]
[EventCountry "ESP"]
[SourceTitle "CBM 188 Extra"]
[Source "ChessBase"]
[SourceDate "2019.02.26"]
[SourceVersion "1"]
[SourceVersionDate "2019.02.26"]
[SourceQuality "1"]

1. e4 e6 2. d4 d5 3. exd5 exd5 4. Bd3 Bd6 5. Qf3 Nc6 6. c3 Be6 7. Ne2 Qd7 8. h3 Nge7 9. 0-0 h6 10. Bf4 g5 11. Bxd6 Qxd6 12. Nd2 0-0-0 13. Ng3 Qd7 14. Qh5 Ng6 15. Bxg6 fxg6 16. Qxg6 Rdf8 17. Rae1 Bf7 18. Qf5 Qxf5 19. Nxf5 Bg6 20. Ne7+ Nxe7 21. Rxe7 Re8 22. Rfe1 Kd8 23. Rxe8+ Rxe8 24. Rxe8+ Kxe8 25. Kh2 Bf5 26. Kg3 Ke7 27. f4 Kf6 28. fxg5+ hxg5 29. Nf3 Be6 30. Ne5 Bf5 31. b4 Be6 32. a4 a5 33. bxa5 Bf5 34. Kf2 Bc2 35. Nd7+ Kf5 36. Nc5 1-0

[Event "Madrid Chamartin op 7th"]
[Site "Madrid"]
[Date "2018.09.06"]
[Round "5"]
[White "Diaz Begonte, Manuel"]
[Black "Centeno Mateos, Domingo"]
[Result "1/2-1/2"]
[WhiteElo "1552"]
[BlackElo "1451"]
[PlyCount "84"]
[EventDate "2018.09.03"]
[EventType "swiss"]
[EventRounds "9"]
[EventCountry "ESP"]
[SourceTitle "CBM 187 Extra"]
[Source "ChessBase"]
[SourceDate "2018.11.04"]
[SourceVersion "1"]
[SourceVersionDate "2018.11.04"]
[SourceQuality "1"]

1. d4 Nf6 2. e3 e6 3. c4 c6 4. Nc3 Bb4 5. Qb3 a5 6. a3 Be7 7. Nf3 0-0 8. Be2 d6 9. 0-0 Nbd7 10. Rd1 Nb6 11. e4 a4 12. Qc2 Qc7 13. h3 Nbd7 14. Bf4 e5 15. dxe5 Nxe4 16. Nxa4 Nxe5 17. Bxe5 dxe5 18. Qxe4 Rxa4 19. Nxe5 Bf6 20. Nd3 Qb6 21. Rab1 Be6 22. Nf4 Re8 23. Qc2 Raa8 24. Nxe6 Rxe6 25. Bg4 Re5 26. Rd3 h5 27. Bf3 Rae8 28. b4 g6 29. g3 Be7 30. Qd2 Bg5 31. Qc3 Kg7 32. Re1 Bf6 33. Rxe5 Rxe5 34. Qd2 Bg5 35. Qd1 Qa6 36. Qb3 Bf6 37. Kg2 Re7 38. b5 cxb5 39. cxb5 Qa5 40. Rd1 b6 41. Qd3 Bb2 42. Qd5 Re5 1/2-1/2

[Event "Tres Cantos op 10th"]
[Site "Tres Cantos"]
[Date "2018.06.26"]
[Round "6.30"]
[White "Diaz Begonte, Manuel"]
[Black "Lopez Mijail, Nicolas"]
[Result "0-1"]
[WhiteElo "1607"]
[BlackElo "1891"]
[PlyCount "92"]
[EventDate "2018.06.21"]
[EventType "swiss"]
[EventRounds "9"]
[EventCountry "ESP"]
[SourceTitle "EXT 2024"]
[Source "ChessBase"]
[SourceDate "2023.10.10"]
[SourceVersion "1"]
[SourceVersionDate "2023.10.10"]
[SourceQuality "1"]

1. e4 c5 2. d3 Nc6 3. g3 g6 4. Bg2 Bg7 5. Nf3 d6 6. 0-0 Rb8 7. c3 e5 8. Nbd2 Nge7 9. Re1 0-0 10. Nf1 h6 11. h3 Be6 12. Ne3 Qd7 13. Kh2 f5 14. exf5 gxf5 15. Nh4 Rf6 16. c4 Kh8 17. Nd5 Bxd5 18. cxd5 Nd4 19. f4 Ng6 20. fxe5 dxe5 21. Nf3 f4 22. g4 Nxf3+ 23. Bxf3 Rd6 24. Bd2 Ne7 25. Bc3 Nxd5 26. Bxe5 Bxe5 27. Rxe5 Ne3 28. Rxe3 fxe3 29. Be4 Rf6 30. Bf5 Rxf5 31. gxf5 Qd6+ 32. Kh1 Qd5+ 33. Kh2 Qe5+ 34. Kh1 e2 35. Qd2 Kh7 36. Re1 Re8 37. b4 Qg3 38. Rxe2 Qxh3+ 39. Kg1 Rg8+ 40. Rg2 Qxg2+ 41. Qxg2 Rxg2+ 42. Kxg2 cxb4 43. d4 a5 44. d5 Kg7 45. d6 Kf6 46. d7 Ke7 0-1

[Event "Tres Cantos op 10th"]
[Site "Tres Cantos"]
[Date "2018.06.23"]
[Round "3.27"]
[White "Diaz Begonte, Manuel"]
[Black "Camarero Izquierdo, Juan Carlos"]
[Result "0-1"]
[WhiteElo "1607"]
[BlackElo "1907"]
[PlyCount "56"]
[EventDate "2018.06.21"]
[EventType "swiss"]
[EventRounds "9"]
[EventCountry "ESP"]
[SourceTitle "EXT 2024"]
[Source "ChessBase"]
[SourceDate "2023.10.10"]
[SourceVersion "1"]
[SourceVersionDate "2023.10.10"]
[SourceQuality "1"]

1. e4 c5 2. d3 Nc6 3. Nf3 d6 4. g3 Bg4 5. Bg2 Qd7 6. Nbd2 Bh3 7. 0-0 Bxg2 8. Kxg2 e5 9. Nh4 g6 10. Ndf3 Be7 11. Bg5 h5 12. Qd2 Nf6 13. c3 Nd8 14. Rae1 Ne6 15. d4 cxd4 16. cxd4 Nxg5 17. Nxg5 Ng4 18. dxe5 Nxe5 19. f4 Bxg5 20. fxg5 0-0-0 21. Nf3 Nxf3 22. Rxf3 h4 23. e5 hxg3 24. Rxg3 Qc6+ 25. Kg1 dxe5 26. Qxd8+ Kxd8 27. Rd3+ Ke7 28. Rxe5+ Kf8 0-1

[Event "Madrid-ch Seniors 65 1718"]
[Site "Madrid"]
[Date "2018.01.22"]
[Round "1"]
[White "Lopez Heras, Arturo"]
[Black "Diaz Begonte, Manuel"]
[Result "1-0"]
[WhiteElo "1859"]
[BlackElo "1600"]
[PlyCount "81"]
[EventDate "2018.01.22"]
[EventType "swiss"]
[EventRounds "7"]
[EventCountry "ESP"]
[SourceTitle "EXT 2020"]
[Source "ChessBase"]
[SourceDate "2019.10.17"]
[SourceVersion "1"]
[SourceVersionDate "2019.10.17"]
[SourceQuality "1"]

1. d4 d5 2. c4 c6 3. Nc3 dxc4 4. a4 Bf5 5. e4 Bg6 6. Bxc4 e6 7. Nf3 Nf6 8. Bd3 Nbd7 9. 0-0 Be7 10. Re1 0-0 11. e5 Nd5 12. Bxg6 hxg6 13. Nxd5 cxd5 14. a5 b6 15. Bd2 Qc7 16. Rc1 Qb7 17. a6 Qb8 18. Bg5 Bxg5 19. Nxg5 Rc8 20. Qg4 Rxc1 21. Rxc1 Qe8 22. Qh3 Nf8 23. Qc3 f6 24. Nf3 Qd7 25. h4 Kf7 26. g3 Ke7 27. Nh2 f5 28. Nf3 Kf7 29. Ng5+ Kg8 30. Qc6 Qe8 31. Qb7 Kh8 32. Rc7 Rb8 33. Qxa7 Ra8 34. Qxb6 Qa4 35. Qb7 Qxa6 36. Rxg7 Qxb7 37. Rxb7 Ra4 38. Rb8 Kg7 39. b4 Ra3 40. b5 Rd3 41. b6 1-0

[Event "Madrid Chamartin op 6th"]
[Site "Madrid"]
[Date "2017.09.08"]
[Round "7"]
[White "Diaz Begonte, Manuel"]
[Black "Cardena Contreras, Javier"]
[Result "0-1"]
[WhiteElo "1680"]
[BlackElo "1925"]
[PlyCount "75"]
[EventDate "2017.09.04"]
[EventType "swiss"]
[EventRounds "9"]
[EventCountry "ESP"]
[SourceTitle "CBM 180 Extra"]
[Source "ChessBase"]
[SourceDate "2017.10.06"]
[SourceVersion "1"]
[SourceVersionDate "2017.10.06"]
[SourceQuality "1"]

1. e4 c5 2. d4 cxd4 3. c3 Nf6 4. e5 Nd5 5. cxd4 d6 6. Nf3 Nc6 7. Nc3 dxe5 8. dxe5 Nxc3 9. Qxd8+ Nxd8 10. bxc3 Bd7 11. Bd3 e6 12. 0-0 Bc5 13. a4 0-0 14. Ba3 Rc8 15. Bxc5 Rxc5 16. c4 Bc6 17. Rfe1 Bxf3 18. gxf3 Nc6 19. f4 Nb4 20. Be4 b6 21. Rac1 Rfc8 22. Red1 g6 23. Rd4 a6 24. Bf3 Ra5 25. Bd1 Rac5 26. Be2 b5 27. axb5 axb5 28. Rb1 Nc2 29. Rd2 Na3 30. Rb4 bxc4 31. Ra4 c3 32. Rd1 c2 33. Rc1 Nb1 34. Rd4 Na3 35. Ra4 Rc3 36. f3 Rb8 37. Rxa3 Rxa3 38. Rxc2 0-1

[Event "Madrid Chamartin op 6th"]
[Site "Madrid"]
[Date "2017.09.07"]
[Round "6"]
[White "Diaz Begonte, Manuel"]
[Black "Lopez Garcia, Rafael"]
[Result "1-0"]
[WhiteElo "1680"]
[BlackElo "1392"]
[PlyCount "113"]
[EventDate "2017.09.04"]
[EventType "swiss"]
[EventRounds "9"]
[EventCountry "ESP"]
[SourceTitle "CBM 180 Extra"]
[Source "ChessBase"]
[SourceDate "2017.10.06"]
[SourceVersion "1"]
[SourceVersionDate "2017.10.06"]
[SourceQuality "1"]

1. e4 c5 2. d4 cxd4 3. c3 d6 4. cxd4 Nf6 5. Nc3 g6 6. Nf3 Bg7 7. Bb5+ Bd7 8. Bxd7+ Nbxd7 9. 0-0 0-0 10. Bf4 Nh5 11. Bg5 h6 12. Be3 e6 13. Qd2 Kh7 14. Rac1 a6 15. Rfd1 f5 16. exf5 Rxf5 17. Qe2 d5 18. g4 Rxf3 19. Qxf3 Nhf6 20. g5 hxg5 21. Bxg5 Qb6 22. b3 Rf8 23. Qh3+ Kg8 24. Bh6 Nh5 25. Bxg7 Kxg7 26. Ne2 Qd6 27. Rc3 Nf4 28. Nxf4 Qxf4 29. Qg3 Qf5 30. Rc7 Rf7 31. Rdc1 b6 32. Re1 Qf6 33. Rc6 Nf8 34. Qe5 Re7 35. Rxb6 Nd7 36. Qxf6+ Kxf6 37. Rxa6 Re8 38. b4 Kf5 39. b5 Rb8 40. a4 Nb6 41. a5 Nc4 42. b6 e5 43. dxe5 Nxe5 44. Kg2 d4 45. Ra7 Nc6 46. Rf7+ Kg5 47. Rc7 Nxa5 48. Re5+ Kh6 49. Rxa5 Rxb6 50. Rd5 Rb4 51. Rcd7 d3 52. Rxd3 Rg4+ 53. Rg3 Rf4 54. Rd6 Rf5 55. Rdxg6+ Kh5 56. Rg8 Rf6 57. Rh3# 1-0

[Event "Madrid-ch Previa-A"]
[Site "Madrid"]
[Date "2017.02.07"]
[Round "2"]
[White "Sierra Garcia, Ricardo"]
[Black "Diaz Begonte, Manuel"]
[Result "0-1"]
[WhiteElo "1404"]
[BlackElo "1664"]
[PlyCount "104"]
[EventDate "2017.02.06"]
[EventType "swiss"]
[EventRounds "9"]
[EventCountry "ESP"]
[SourceTitle "CBM 177 Extra"]
[Source "ChessBase"]
[SourceDate "2017.04.27"]
[SourceVersion "1"]
[SourceVersionDate "2017.04.27"]
[SourceQuality "1"]

1. e4 d5 2. Nc3 dxe4 3. Nxe4 Bf5 4. Ng3 Bg6 5. d4 e6 6. Nf3 Bd6 7. Ne2 Ne7 8. Bf4 Nd5 9. Bd2 Nc6 10. Nc3 Ncb4 11. Bd3 Bxd3 12. cxd3 Nxd3+ 13. Kf1 N3b4 14. Qa4+ c6 15. a3 Nb6 16. Qb3 N4d5 17. Re1 0-0 18. Ne4 Be7 19. Ba5 Qc8 20. Nc5 Nd7 21. Nxd7 Qxd7 22. Ne5 Qc8 23. Nd3 b6 24. Bd2 Bd6 25. Bb4 Nxb4 26. Nxb4 Qd7 27. Rc1 Rac8 28. Nd3 Rfd8 29. Qc2 Bf8 30. Ne5 Qxd4 31. f4 Qxf4+ 32. Nf3 Rd5 33. Rd1 Rxd1+ 34. Qxd1 Qc4+ 35. Qe2 Qxe2+ 36. Kxe2 Rd8 37. Rc1 c5 38. Ne5 f6 39. Nf3 Kf7 40. Rc3 g6 41. Rd3 Rd5 42. Kd2 Bd6 43. g3 Rxd3+ 44. Kxd3 b5 45. Nd2 f5 46. a4 a6 47. axb5 axb5 48. Nb1 Be5 49. Nc3 Bxc3 50. bxc3 e5 51. Ke3 Ke6 52. h3 Kd5 0-1

[Event "Madrid-ch Seniors 65"]
[Site "Madrid"]
[Date "2017.01.25"]
[Round "4"]
[White "Diaz Begonte, Manuel"]
[Black "Martin Rodriguez, Jose Luis"]
[Result "0-1"]
[WhiteElo "1658"]
[BlackElo "1327"]
[PlyCount "58"]
[EventDate "2017.01.20"]
[EventType "swiss"]
[EventRounds "7"]
[EventCountry "ESP"]
[SourceTitle "CBM 176 Extra"]
[Source "ChessBase"]
[SourceDate "2017.03.02"]
[SourceVersion "1"]
[SourceVersionDate "2017.03.02"]
[SourceQuality "1"]

1. e4 e6 2. d3 d5 3. Nd2 Nf6 4. g3 dxe4 5. dxe4 e5 6. Ngf3 Nbd7 7. Bg2 Bd6 8. 0-0 0-0 9. Qe2 c6 10. Nc4 Bc7 11. Rd1 Qe7 12. b3 b5 13. Ba3 b4 14. Bb2 Rd8 15. c3 a5 16. a3 c5 17. axb4 cxb4 18. cxb4 Qxb4 19. Qc2 Bb7 20. Nfxe5 Bxe5 21. Nxe5 Qb5 22. Nc4 Rac8 23. Bxf6 gxf6 24. Qe2 Ne5 25. Rxa5 Qxb3 26. Ne3 Rxd1+ 27. Nxd1 Rc1 28. Rxe5 Qxd1+ 29. Qxd1 Rxd1+ 0-1

[Event "Madrid-ch sf"]
[Site "Madrid"]
[Date "2016.02.22"]
[Round "7"]
[White "Diaz Begonte, Manuel"]
[Black "Jimenez Gonzalez, Marcos"]
[Result "0-1"]
[WhiteElo "1656"]
[BlackElo "1807"]
[PlyCount "54"]
[EventDate "2016.02.08"]
[EventType "swiss"]
[EventRounds "9"]
[EventCountry "ESP"]
[SourceTitle "CBM 171 Extra"]
[Source "ChessBase"]
[SourceDate "2016.04.26"]
[SourceVersion "1"]
[SourceVersionDate "2016.04.26"]
[SourceQuality "1"]

1. e4 e6 2. d4 d5 3. exd5 exd5 4. c4 Nf6 5. Nc3 Be7 6. Nf3 0-0 7. Be2 dxc4 8. Bxc4 c6 9. 0-0 Bg4 10. Be3 Nbd7 11. h3 Bh5 12. Be2 Nb6 13. Ne5 Bxe2 14. Qxe2 Nbd5 15. Bg5 h6 16. Bh4 Nxc3 17. bxc3 Nd5 18. Bxe7 Qxe7 19. Qf3 Rad8 20. Rfe1 Qg5 21. Rab1 Qd2 22. c4 Nc3 23. Ra1 Qxd4 24. Rac1 Nxa2 25. Rcd1 Qc3 26. Rxd8 Qxe1+ 27. Kh2 Qxe5+ 0-1

[Event "Madrid-ch Seniors"]
[Site "Madrid"]
[Date "2016.01.27"]
[Round "5"]
[White "Diaz Begonte, Manuel"]
[Black "Guimare Lorenzo, Juan Luis"]
[Result "1-0"]
[WhiteElo "1671"]
[BlackElo "1605"]
[PlyCount "45"]
[EventDate "2016.01.22"]
[EventType "swiss"]
[EventRounds "7"]
[EventCountry "ESP"]
[SourceTitle "EXT 2017"]
[Source "ChessBase"]
[SourceDate "2016.10.25"]
[SourceVersion "1"]
[SourceVersionDate "2016.10.25"]
[SourceQuality "1"]

1. e4 c5 2. d4 cxd4 3. c3 dxc3 4. Nxc3 Nc6 5. Nf3 Nf6 6. Bc4 e6 7. Bf4 Bb4 8. Qe2 0-0 9. 0-0 Bxc3 10. bxc3 Re8 11. Rfd1 e5 12. Bg3 h6 13. Bh4 a6 14. Rd6 b5 15. Bxf6 gxf6 16. Bb3 Re7 17. Nh4 Qf8 18. Rxf6 Re6 19. Bxe6 dxe6 20. Rd1 Qg7 21. Rf3 Kf8 22. Rg3 Qh7 23. Qd3 1-0

[Event "Madrid-ch Seniors"]
[Site "Madrid"]
[Date "2016.01.22"]
[Round "1"]
[White "Diaz Begonte, Manuel"]
[Black "Mayer Schwartz, Rene"]
[Result "0-1"]
[WhiteElo "1671"]
[BlackElo "2015"]
[PlyCount "68"]
[EventDate "2016.01.22"]
[EventType "swiss"]
[EventRounds "7"]
[EventCountry "ESP"]
[SourceTitle "EXT 2017"]
[Source "ChessBase"]
[SourceDate "2016.10.25"]
[SourceVersion "1"]
[SourceVersionDate "2016.10.25"]
[SourceQuality "1"]

1. e4 e5 2. Nf3 Nc6 3. Bb5 Bc5 4. 0-0 Qf6 5. d3 a6 6. Bxc6 dxc6 7. Be3 Bd6 8. Nbd2 Bg4 9. c3 Ne7 10. Qb3 0-0-0 11. c4 c5 12. Bg5 Qe6 13. Qc3 f6 14. Bh4 g5 15. Bg3 Nc6 16. h3 Bh5 17. a3 Rd7 18. b4 cxb4 19. axb4 Bxb4 20. Qb3 Bxd2 21. Nxd2 Nd4 22. Qb2 Ne2+ 23. Kh2 Rxd3 24. Rfb1 Qc6 25. Nb3 Qb6 26. Qc2 Rc3 27. Qa2 Rxg3 28. c5 Rxg2+ 29. Kxg2 Qe6 30. f3 Nf4+ 31. Kf2 Qxh3 32. Kg1 Qg3+ 33. Kf1 Bxf3 34. Qf2 Bg2+ 0-1

[Event "Madrid-ch Previa-A"]
[Site "Madrid"]
[Date "2014.02.17"]
[Round "7"]
[White "Cano Mercado, Francisco Manuel"]
[Black "Diaz Begonte, Manuel"]
[Result "1-0"]
[WhiteElo "1863"]
[BlackElo "1783"]
[PlyCount "61"]
[EventDate "2014.02.03"]
[EventType "swiss"]
[EventRounds "9"]
[EventCountry "ESP"]
[SourceTitle "EXT 2015"]
[Source "ChessBase"]
[SourceDate "2014.11.20"]
[SourceVersion "1"]
[SourceVersionDate "2014.11.20"]
[SourceQuality "1"]

1. d4 d5 2. Nc3 c6 3. f3 Nf6 4. e4 dxe4 5. fxe4 e5 6. Nf3 exd4 7. Qxd4 Qxd4 8. Nxd4 Bc5 9. Nb3 Bb4 10. Bd3 0-0 11. 0-0 Be6 12. h3 Nbd7 13. Bg5 h6 14. Bf4 Rfe8 15. a3 Bf8 16. Na5 Nc5 17. b4 Nxd3 18. cxd3 Nh5 19. Bh2 Re7 20. Ne2 Rd7 21. d4 g5 22. Be5 Rc8 23. Rac1 Bg7 24. Bxg7 Nxg7 25. d5 Bxd5 26. exd5 Rxd5 27. Nxb7 Rd2 28. Nc3 Ne6 29. Ne4 Rd4 30. Ned6 Rc7 31. Rcd1 1-0